Learning to use the Internet - An Introduciton with Examples & Exercises (Record no. 4791)

MARC details
000 -LEADER
fixed length control field 00428nam a2200157Ia 4500
008 - FIXED-LENGTH DATA ELEMENTS--GENERAL INFORMATION
fixed length control field 221030s9999 xx 000 0 und d
020 ## - INTERNATIONAL STANDARD BOOK NUMBER
ISBN 8170297443
041 ## - LANGUAGE CODE
Language code of text/sound track or separate title
082 ## - DEWEY DECIMAL CLASSIFICATION NUMBER
Classification number 105.23
Item number Ack
100 ## - MAIN ENTRY--AUTHOR NAME
Personal name E. Ackermann
245 #0 - TITLE STATEMENT
Title Learning to use the Internet - An Introduciton with Examples & Exercises
Statement of responsibility, etc by E. Ackermann
260 ## - PUBLICATION, DISTRIBUTION, ETC. (IMPRINT)
Name of publisher BPB Pub
Place of publication New Delhi
Year of publication 1996
300 ## - PHYSICAL DESCRIPTION
Number of Pages 358
650 ## - SUBJECT ADDED ENTRY--TOPICAL TERM
Topical Term BE Computer
942 ## - ADDED ENTRY ELEMENTS (KOHA)
Koha item type Books
Holdings
Accession Number Cost, normal purchase price Full call number Price effective from Koha item type Withdrawn / writtenoff status Materials specified (bound volume or other part) Damaged status Not for loan Permanent Location Current Location Shelving location Date acquired Lost/ Missing status department
BE 1040 120.00 105.23 Ack 10/30/2022 Books   Print   Not For Loan MIET Library, Jammu MIET Library, Jammu BL-Second, FL-1, CUP-55, SH-6, R-6 02/11/2000   BE